[Event "VI Festival A"]
[Site "Campobasso ITA"]
[Date "1999.09.10"]
[Round "1"]
[White "Lupo, Alfredo"]
[Black "Rotelli, Pietro"]
[Result "1-0"]
[WhiteElo "2135"]
[BlackElo "1731"]
[PlyCount "101"]
[EventDate "1999.09.10"]

1. e4 c6 2. d3 d5 3. Nd2 dxe4 4. dxe4 Nf6 5. Ngf3 Bg4 6. Bc4 Bxf3 7. Qxf3 Nbd7
8. Qb3 e6 9. Qxb7 Bc5 10. Qxc6 O-O 11. Ba6 Ng4 12. O-O Nxf2 13. Rxf2 Qh4 14. g3
Bxf2+ 15. Kg2 Bxg3 16. hxg3 Qe7 17. Nf3 Rab8 18. Be3 Rxb2 19. Bb5 Nb6 20. Bd4
Rc8 21. Qxc8+ Nxc8 22. Bxb2 Nb6 23. Rd1 h6 24. Bd4 Qb4 25. Bd3 f6 26. Bxb6 axb6
27. Nd2 Kf7 28. Nc4 Ke7 29. a3 Qc5 30. Rb1 b5 31. Nd2 Qxa3 32. Rxb5 Qa7 33. Nb3
e5 34. Nd2 Qd7 35. Rb6 h5 36. Nc4 h4 37. Ne3 hxg3 38. Nf5+ Kf7 39. Rb7 Qxb7 40.
Nd6+ Ke6 41. Nxb7 g6 42. Kxg3 f5 43. exf5+ gxf5 44. Nc5+ Kd5 45. Nd7 e4 46. Bb5
Kd4 47. c4 Ke3 48. c5 f4+ 49. Kg4 f3 50. Nf6 Kf2 51. Nxe4+ 1-0

[Event "VI Festival A"]
[Site "Campobasso ITA"]
[Date "1999.09.10"]
[Round "1"]
[White "Naumkin, Igor"]
[Black "Ferraro, Francesco"]
[Result "1-0"]
[WhiteElo "2489"]
[BlackElo "2045"]
[PlyCount "77"]
[EventDate "1999.09.10"]

1. d4 Nf6 2. Nf3 d5 3. c4 e6 4. Nc3 Be7 5. Bg5 O-O 6. e3 h6 7. Bh4 b6 8. Rc1
Bb7 9. Bd3 dxc4 10. Bxc4 Nbd7 11. O-O c5 12. Qe2 cxd4 13. exd4 Re8 14. Rfd1 Nd5
15. Bxd5 Bxd5 16. Bxe7 Rxe7 17. Nxd5 exd5 18. Qa6 Nf6 19. Rc2 Rc7 20. Rdc1 Rxc2
21. Rxc2 Qe7 22. h3 Re8 23. Ne5 Ne4 24. Qb5 Nf6 25. a3 Qb7 26. Qc6 Qxc6 27.
Rxc6 Kf8 28. Rc7 Re7 29. Rxe7 Kxe7 30. Nc6+ Ke6 31. Nxa7 Kf5 32. f3 Ke6 33. Nc8
Nd7 34. a4 f6 35. Kf2 Kf5 36. b4 h5 37. Nd6+ Ke6 38. Ne8 g5 39. Ng7+ 1-0

[Event "VI Festival A"]
[Site "Campobasso ITA"]
[Date "1999.09.10"]
[Round "1"]
[White "Orlando, Luigi"]
[Black "Di Gianni, Rocco"]
[Result "1-0"]
[WhiteElo "1722"]
[BlackElo "2120"]
[PlyCount "69"]
[EventDate "1999.09.10"]

1. e4 e6 2. d4 d5 3. Nc3 Nf6 4. e5 Nfd7 5. Nf3 c5 6. Be3 Nc6 7. Bb5 a6 8. Bxc6
bxc6 9. dxc5 Rb8 10. Na4 Rb4 11. c3 Re4 12. O-O Nxe5 13. Nxe5 Rxe5 14. Nb6 Re4
15. Qd2 Be7 16. f3 Rh4 17. b4 O-O 18. Nxc8 Qxc8 19. Bg5 Bxg5 20. Qxg5 Rc4 21.
Rac1 f6 22. Qd2 e5 23. Rfd1 Rd8 24. a3 a5 25. Qb2 Qb7 26. Qe2 Ra8 27. Rd2 axb4
28. axb4 Ra3 29. Rdc2 Qb5 30. Qe1 Rb3 31. Ra2 d4 32. Ra8+ Kf7 33. Qh4 Rcxc3 34.
Qh5+ Ke6 35. Re8+ 1-0

[Event "VI Festival A"]
[Site "Campobasso ITA"]
[Date "1999.09.10"]
[Round "1"]
[White "Petrozzi, Davide"]
[Black "Capuano, Eugenio"]
[Result "0-1"]
[WhiteElo "1732"]
[BlackElo "2153"]
[PlyCount "63"]
[EventDate "1999.09.10"]

1. e4 c5 2. Nf3 Nc6 3. d4 cxd4 4. Nxd4 Nf6 5. Nc3 e5 6. Ndb5 d6 7. Bg5 a6 8.
Na3 b5 9. Nd5 Be7 10. Bxf6 Bxf6 11. c3 O-O 12. Nc2 Bg5 13. a4 bxa4 14. Bc4 Rb8
15. Ncb4 Nxb4 16. Nxb4 a5 17. Nc6 Qc7 18. Nxb8 Qxc4 19. Qd5 Qc7 20. Nc6 Bb7 21.
Qxa5 Qxc6 22. Qxa4 Qxe4+ 23. Qxe4 Bxe4 24. Ke2 Rb8 25. b4 Bd5 26. Kd3 Rc8 27.
Rhd1 Bc4+ 28. Ke4 d5+ 29. Kf5 Bf6 30. f3 h5 31. g4 Be2 32. Rxd5 0-1

[Event "VI Festival A"]
[Site "Campobasso ITA"]
[Date "1999.09.10"]
[Round "1"]
[White "Piscopo, Pierluigi"]
[Black "Mrdja, Milan"]
[Result "0-1"]
[WhiteElo "2039"]
[BlackElo "2425"]
[PlyCount "88"]
[EventDate "1999.09.10"]

1. e4 Nf6 2. e5 Nd5 3. c4 Nb6 4. c5 Nd5 5. Nc3 e6 6. d4 Nxc3 7. bxc3 d6 8. cxd6
cxd6 9. Nf3 Qc7 10. Qb3 Nc6 11. Bf4 dxe5 12. Bxe5 Nxe5 13. Nxe5 Bd6 14. Bb5+
Ke7 15. Nc4 Rd8 16. Nxd6 Rxd6 17. O-O b6 18. Rad1 Bb7 19. c4 Rc8 20. Qg3 Kf8
21. Qa3 Qe7 22. c5 Rdd8 23. Qxa7 Ra8 24. Qxb6 Rdb8 25. Qd6 Qxd6 26. cxd6 Bxg2
27. Kxg2 Rxb5 28. Rc1 Rd5 29. Rc4 Rxd6 30. Rb1 Rda6 31. Rb7 Ra5 32. a4 g6 33.
Kf3 Kg7 34. Ke4 Rxa4 35. Rcc7 Rf8 36. Rb6 Kf6 37. Rb3 g5 38. Rf3+ Kg6 39. Ke5
Ra5+ 40. Kd6 Raa8 41. Ke5 Kg7 42. Rf6 Ra5+ 43. Rc5 Rxc5+ 44. dxc5 Rc8 0-1

[Event "VI Festival A"]
[Site "Campobasso ITA"]
[Date "1999.09.10"]
[Round "1"]
[White "Rossetti, Giovanni"]
[Black "De Santis, Alessio"]
[Result "0-1"]
[WhiteElo "1917"]
[BlackElo "2352"]
[PlyCount "71"]
[EventDate "1999.09.10"]

1. Nf3 d6 2. g3 g6 3. Bg2 Bg7 4. O-O f5 5. d3 Nf6 6. Nc3 O-O 7. e4 e5 8. Bd2 c6
9. Qc1 Re8 10. Re1 Qb6 11. Be3 Qc7 12. Bg5 Nbd7 13. exf5 gxf5 14. Nh4 Nf8 15.
Bh6 f4 16. Bxg7 Qxg7 17. Qd2 Qh6 18. Rad1 Bg4 19. f3 Be6 20. Qf2 N8d7 21. d4
Kh8 22. dxe5 dxe5 23. b3 Re7 24. Ne4 Nd5 25. Rd3 Ne3 26. Rd6 Rg8 27. Bh3 Nc5
28. Nxc5 Qxh4 29. Bxe6 fxg3 30. Qe2 gxh2+ 31. Kh1 Rg1+ 32. Rxg1 hxg1=Q+ 33.
Kxg1 Rg7+ 34. Bg4 Nxg4 35. fxg4 Rxg4+ 36. Kf1 0-1

[Event "VI Festival A"]
[Site "Campobasso ITA"]
[Date "1999.09.10"]
[Round "1"]
[White "Vujovic, Milorad"]
[Black "Accardo, Francesco"]
[Result "1-0"]
[WhiteElo "2258"]
[BlackElo "1778"]
[PlyCount "27"]
[EventDate "1999.09.10"]

1. e4 b6 2. d4 Bb7 3. Nd2 e6 4. Ngf3 c5 5. c3 Nc6 6. d5 Nce7 7. c4 Ng6 8. h4 e5
9. h5 Nf4 10. g3 g5 11. gxf4 exf4 12. Rg1 h6 13. e5 f6 14. Qe2 1-0

[Event "VI Festival A"]
[Site "Campobasso ITA"]
[Date "1999.09.10"]
[Round "2"]
[White "Accardo, Francesco"]
[Black "Ferri, Stefano"]
[Result "1-0"]
[WhiteElo "1778"]
[BlackElo "2091"]
[PlyCount "40"]
[EventDate "1999.09.10"]

1. e4 c5 2. Nc3 Nc6 3. f4 e6 4. Nf3 a6 5. g3 g6 6. Bg2 Bg7 7. O-O Nge7 8. Ne2
O-O 9. c3 Rb8 10. g4 f5 11. gxf5 exf5 12. e5 c4 13. d4 cxd3 14. Qxd3 Qc7 15.
Be3 Rd8 16. Qc4+ Kh8 17. Ng5 h6 18. Nf7+ Kh7 19. Nxd8 Qxd8 20. Rad1 b5 1-0

[Event "VI Festival A"]
[Site "Campobasso ITA"]
[Date "1999.09.10"]
[Round "2"]
[White "Ausmins, Elmar"]
[Black "Orlando, Luigi"]
[Result "1-0"]
[WhiteElo "2261"]
[BlackElo "1722"]
[PlyCount "88"]
[EventDate "1999.09.10"]

1. d4 Nf6 2. Nf3 g6 3. c4 Bg7 4. Nc3 O-O 5. e4 d6 6. Be2 e5 7. O-O Nc6 8. d5
Ne7 9. b4 Nd7 10. Be3 f5 11. Ng5 Nf6 12. f3 h6 13. Ne6 Bxe6 14. dxe6 f4 15. Bf2
g5 16. Qb3 Nc6 17. c5 Qe7 18. cxd6 cxd6 19. Nd5 Nxd5 20. exd5 Nd4 21. Bxd4 exd4
22. Rac1 Rac8 23. Rc2 Rc3 24. Rxc3 dxc3 25. Bd3 Rc8 26. Re1 Bd4+ 27. Kh1 Be5
28. Bg6 Qf6 29. Qc2 Kf8 30. Be4 Rc7 31. Rb1 b6 32. a4 Qe7 33. Bd3 Bd4 34. Bb5
Kg7 35. Qe4 Qf6 36. Bd3 Kf8 37. Bc2 Qe5 38. Qg6 Qg7 39. Qd3 Qe5 40. Rd1 Be3 41.
Qg6 Qg7 42. Qf5+ Ke7 43. g3 Rc4 44. Rb1 Rd4 1-0

[Event "VI Festival A"]
[Site "Campobasso ITA"]
[Date "1999.09.10"]
[Round "2"]
[White "Castrogiovanni, Carlo"]
[Black "Lupo, Alfredo"]
[Result "1/2-1/2"]
[WhiteElo "2113"]
[BlackElo "2135"]
[PlyCount "22"]
[EventDate "1999.09.10"]

1. Nf3 Nf6 2. c4 g6 3. Nc3 Bg7 4. g3 d6 5. Bg2 O-O 6. O-O c6 7. d3 Na6 8. Rb1
Nc7 9. e4 Bg4 10. h3 Bxf3 11. Bxf3 Ne6 1/2-1/2

[Event "VI Festival A"]
[Site "Campobasso ITA"]
[Date "1999.09.10"]
[Round "2"]
[White "Colesanti, Ugo Maria"]
[Black "De Vita, Igor"]
[Result "0-1"]
[WhiteElo "1759"]
[BlackElo "2154"]
[PlyCount "84"]
[EventDate "1999.09.10"]

1. e4 Nf6 2. e5 Nd5 3. d4 d6 4. c4 Nb6 5. Nf3 Bg4 6. Be2 c6 7. b3 Bxf3 8. Bxf3
dxe5 9. dxe5 Qxd1+ 10. Bxd1 e6 11. Ba3 Bxa3 12. Nxa3 N8d7 13. f4 O-O-O 14. O-O
g6 15. Bc2 Nc5 16. Rad1 Na6 17. Bb1 Kc7 18. Nc2 h5 19. Ne3 Nc8 20. a3 c5 21.
Rxd8 Rxd8 22. Rd1 Nb8 23. Rxd8 Kxd8 24. h3 Ne7 25. g4 hxg4 26. hxg4 Nbc6 27.
Be4 Kc7 28. Nc2 g5 29. fxg5 Nxe5 30. Ne3 b6 31. Kf2 N5g6 32. Ng2 Kd6 33. Ke3
Ne5 34. Kf2 N7g6 35. Kg3 Nc6 36. Nf4 Nxf4 37. Kxf4 Ne7 38. b4 cxb4 39. axb4
Ng6+ 40. Bxg6 fxg6 41. c5+ bxc5 42. bxc5+ Kd5 0-1

[Event "VI Festival A"]
[Site "Campobasso ITA"]
[Date "1999.09.10"]
[Round "2"]
[White "Collutiis, Duilio"]
[Black "Capezza, Marco"]
[Result "1-0"]
[WhiteElo "2200"]
[BlackElo "1705"]
[PlyCount "51"]
[EventDate "1999.09.10"]

1. e4 c6 2. d4 d5 3. e5 Bf5 4. Nf3 e6 5. Be2 Nd7 6. O-O c5 7. c3 Ne7 8. Nh4
Bxb1 9. Rxb1 Nc6 10. Nf3 Be7 11. Be3 c4 12. Nd2 f5 13. f4 b5 14. g4 g6 15. gxf5
gxf5 16. Bh5+ Kf8 17. b3 Kg7 18. Qf3 Rc8 19. Qg2+ Kf8 20. Kh1 Rg8 21. Qh3 cxb3
22. axb3 Ba3 23. Be2 Qe7 24. Bxb5 a5 25. Rg1 Na7 26. Qh6+ 1-0

[Event "VI Festival A"]
[Site "Campobasso ITA"]
[Date "1999.09.10"]
[Round "2"]
[White "De Santis, Alessio"]
[Black "Gagliardi, Pietro"]
[Result "1-0"]
[WhiteElo "2352"]
[BlackElo "2204"]
[PlyCount "127"]
[EventDate "1999.09.10"]

1. d4 Nf6 2. c4 c5 3. d5 d6 4. Nc3 g6 5. e4 Bg7 6. Bd3 O-O 7. h3 e6 8. Nf3 exd5
9. exd5 a6 10. a4 Nbd7 11. O-O Ne8 12. Bg5 f6 13. Bh4 Qc7 14. Qc2 Ne5 15. Nxe5
dxe5 16. Rad1 Nd6 17. f3 Bf5 18. Ne4 Bxe4 19. fxe4 a5 20. Bg3 b6 21. Kh1 Qd7
22. Qb3 Rab8 23. Bc2 f5 24. exf5 gxf5 25. Qd3 e4 26. Qe2 Rbe8 27. b3 Qe7 28.
Qh5 Be5 29. Bf4 Qf7 30. Qe2 Qg6 31. Bxe5 Rxe5 32. Rf4 Rfe8 33. Rdf1 Qg3 34. Qe1
Qxe1 35. Rxe1 Kg7 36. g4 h6 37. Kg2 fxg4 38. hxg4 Rf8 39. Rxf8 Kxf8 40. Kg3 e3
41. Kf4 Re7 42. Bf5 h5 43. Be6 hxg4 44. Rxe3 Rg7 45. Bxg4 Rf7+ 46. Kg3 Re7 47.
Be6 Rg7+ 48. Kf4 Ke7 49. Bf5+ Kd8 50. Re6 Kc7 51. Ke5 Rd7 52. Bg6 Rd8 53. Bh5
Rd7 54. Bg6 Rd8 55. Bh5 Rd7 56. Be8 Rd8 57. Re7+ Kc8 58. Bb5 Nxb5 59. axb5 Rh8
60. d6 Rh1 61. Kd5 Rb1 62. Kc6 Kd8 63. Rh7 Ke8 64. d7+ 1-0

[Event "VI Festival A"]
[Site "Campobasso ITA"]
[Date "1999.09.10"]
[Round "2"]
[White "Di Gianni, Rocco"]
[Black "Petruccioli, Antonio"]
[Result "1/2-1/2"]
[WhiteElo "2120"]
[BlackElo "2160"]
[PlyCount "69"]
[EventDate "1999.09.10"]

1. e4 c5 2. Nc3 g6 3. f4 d6 4. Nf3 Bg7 5. Bc4 Nf6 6. O-O O-O 7. d3 Nc6 8. Qe1
Na5 9. Bb3 Nxb3 10. axb3 Bd7 11. Bd2 Bc6 12. Qh4 e6 13. Rae1 Nd7 14. Qh3 Re8
15. Ng5 Nf8 16. Nd1 f6 17. Nf3 Qc7 18. Ne3 d5 19. Ng4 dxe4 20. dxe4 Rad8 21.
Bc3 Qe7 22. Qh4 Nd7 23. e5 fxe5 24. Ng5 h5 25. fxe5 Rf8 26. Nf6+ Nxf6 27. exf6
Bxf6 28. Bxf6 Rxf6 29. Rxf6 Qxf6 30. Rf1 Qe7 31. Qf4 e5 32. Qe3 Rf8 33. Re1 Rf5
34. h4 Qf6 35. c3 1/2-1/2

[Event "VI Festival A"]
[Site "Campobasso ITA"]
[Date "1999.09.10"]
[Round "2"]
[White "Di Lascio, Savino"]
[Black "Petrozzi, Davide"]
[Result "0-1"]
[WhiteElo "1852"]
[BlackElo "1732"]
[PlyCount "116"]
[EventDate "1999.09.10"]

1. Nf3 c5 2. g3 Nc6 3. Bg2 Nf6 4. O-O g6 5. d3 Bg7 6. Nbd2 O-O 7. c3 d6 8. e4
Bg4 9. h3 Bc8 10. Qe2 Nd7 11. Nh2 Qc7 12. f4 b6 13. Ndf3 Bb7 14. g4 Rad8 15.
Qf2 b5 16. Qh4 Rfe8 17. g5 b4 18. Ng4 bxc3 19. bxc3 Bxc3 20. Nh6+ Kg7 21. Rb1
Nd4 22. f5 Nxf3+ 23. Rxf3 Rf8 24. Bb2 Bxb2 25. Rxb2 Ne5 26. f6+ exf6 27. gxf6+
Kh8 28. Rg3 Ba6 29. Nf5 Nxd3 30. Qh6 Rg8 31. Rg4 g5 32. Rd2 Rg6 33. Qh5 Nf4 34.
Rxf4 gxf4 35. Ne7 Rdg8 36. Nxg8 Rxg8 37. Rd5 Qa5 38. Rg5 Qe1+ 39. Kh2 Rxg5 40.
Qxg5 Qg3+ 41. Qxg3 fxg3+ 42. Kxg3 h6 43. Kf4 Kh7 44. e5 dxe5+ 45. Kxe5 Bc4 46.
Be4+ Kg8 47. a3 Be6 48. h4 Kf8 49. Bc2 Ke8 50. Kd6 c4 51. Kc7 Bg4 52. a4 Bh5
53. a5 Bg6 54. Ba4+ Kf8 55. Kb7 c3 56. Kxa7 c2 57. Bxc2 Bxc2 58. Kb6 Ke8 0-1

[Event "VI Festival A"]
[Site "Campobasso ITA"]
[Date "1999.09.10"]
[Round "2"]
[White "Ferraro, Francesco"]
[Black "Grasso, Nino"]
[Result "0-1"]
[WhiteElo "2045"]
[BlackElo "1777"]
[PlyCount "40"]
[EventDate "1999.09.10"]

1. d4 Nf6 2. Nf3 c5 3. e3 e6 4. Bd3 d5 5. c3 Nc6 6. Nbd2 Bd6 7. O-O O-O 8. Re1
e5 9. dxe5 Nxe5 10. Nxe5 Bxe5 11. h3 Re8 12. Nf3 Bd6 13. b3 Ne4 14. Bb2 Qf6 15.
Rc1 Qg6 16. Kf1 Qh5 17. Ng1 Qh4 18. Qf3 Nd2+ 19. Ke2 Nxf3 20. Nxf3 Qe7 0-1

[Event "VI Festival A"]
[Site "Campobasso ITA"]
[Date "1999.09.10"]
[Round "2"]
[White "Galasso, Luigi"]
[Black "Rossetti, Giovanni"]
[Result "1/2-1/2"]
[WhiteElo "1755"]
[BlackElo "1917"]
[PlyCount "20"]
[EventDate "1999.09.10"]

1. e4 d6 2. d4 Nf6 3. Nc3 g6 4. Be3 Bg7 5. Nf3 O-O 6. h3 c6 7. Be2 Nbd7 8. Qd2
e5 9. O-O Re8 10. d5 Nb6 1/2-1/2

[Event "VI Festival A"]
[Site "Campobasso ITA"]
[Date "1999.09.10"]
[Round "2"]
[White "Goller, Savino"]
[Black "Brancaccio, Alfonso"]
[Result "1-0"]
[WhiteElo "1804"]
[BlackElo "1831"]
[PlyCount "86"]
[EventDate "1999.09.10"]

1. e4 c5 2. Nc3 d6 3. g3 g6 4. Bg2 Bg7 5. d3 e6 6. Nge2 Nc6 7. O-O Nge7 8. Bg5
h6 9. Be3 O-O 10. Qd2 Kh7 11. f4 f5 12. d4 b6 13. d5 exd5 14. exd5 Nb4 15. a3
Na6 16. Rad1 Nc7 17. Na4 Qd7 18. b3 Ba6 19. c4 Bxc4 20. Nxc5 bxc5 21. bxc4 Rab8
22. Rb1 Rb6 23. Rxb6 axb6 24. Rb1 Rb8 25. Nc3 Ra8 26. Rb3 Nc8 27. Qe1 Qe7 28.
Bd2 Bd4+ 29. Kf1 Qf6 30. Ne2 Ra4 31. Qc1 Kg8 32. Bf3 Kf7 33. Nxd4 Qxd4 34. Be2
Ne8 35. Qc3 Qe4 36. Qf3 Qc2 37. Qc3 Qa2 38. Bd3 Nf6 39. Bb1 Rxc4 40. Bxa2 Rxc3
41. Rxc3 Ne4 42. Rc2 Ke7 43. Ke2 Kd7 1-0

[Event "VI Festival A"]
[Site "Campobasso ITA"]
[Date "1999.09.10"]
[Round "2"]
[White "Isonzo, David"]
[Black "Naumkin, Igor"]
[Result "1/2-1/2"]
[WhiteElo "2257"]
[BlackElo "2489"]
[PlyCount "52"]
[EventDate "1999.09.10"]

1. e4 e6 2. d4 d5 3. Nc3 Bb4 4. e5 c5 5. a3 Bxc3+ 6. bxc3 Ne7 7. Nf3 Qa5 8. Bd2
Nbc6 9. Bd3 Bd7 10. c4 Qc7 11. cxd5 Nxd5 12. c4 Nde7 13. O-O cxd4 14. Re1 f6
15. Bb4 Ng6 16. Bd6 Qa5 17. Bxg6+ hxg6 18. Nxd4 Nxd4 19. Qxd4 Qb6 20. Qxb6 axb6
21. Rab1 Ra6 22. Re3 Kf7 23. Reb3 Rh4 24. Rxb6 Rxb6 25. Rxb6 Rxc4 26. f3 Bc6
1/2-1/2

[Event "VI Festival A"]
[Site "Campobasso ITA"]
[Date "1999.09.10"]
[Round "2"]
[White "Martorelli, Antonio"]
[Black "Ficco, Corrado"]
[Result "1-0"]
[WhiteElo "2322"]
[BlackElo "2169"]
[PlyCount "61"]
[EventDate "1999.09.10"]

1. Nf3 e6 2. e4 c5 3. d4 cxd4 4. Nxd4 Nf6 5. Nc3 Nc6 6. Be2 d6 7. O-O Be7 8.
Be3 a6 9. f4 Qc7 10. Qe1 O-O 11. Qg3 Nxd4 12. Bxd4 b5 13. a3 Bb7 14. Rae1 Kh8
15. Kh1 Rad8 16. Bd3 d5 17. exd5 Bxd5 18. Be5 Qb7 19. Qh3 h6 20. Nxd5 Qxd5 21.
f5 Ng8 22. Bc3 Bf6 23. Bxf6 Nxf6 24. fxe6 fxe6 25. Qxe6 Qd4 26. Qf5 Rd5 27. Qg6
Rg5 28. Rxf6 Rxg6 29. Rxf8+ Kh7 30. Rh8+ Kxh8 31. Bxg6 1-0

[Event "VI Festival A"]
[Site "Campobasso ITA"]
[Date "1999.09.10"]
[Round "2"]
[White "Megli, Massimo"]
[Black "Gerardi, Saverio"]
[Result "1-0"]
[WhiteElo "1740"]
[BlackElo "1792"]
[PlyCount "65"]
[EventDate "1999.09.10"]

1. e4 e5 2. Nf3 Nc6 3. Bb5 d6 4. d4 Bd7 5. dxe5 Nxe5 6. Bxd7+ Nxd7 7. O-O Ngf6
8. Nc3 Be7 9. Nd4 O-O 10. Nf5 g6 11. Nh6+ Kg7 12. Re1 c6 13. h3 Qb6 14. a4 a5
15. Ra3 Rfe8 16. Rb3 Qc7 17. Na2 Nc5 18. Rg3 Ncxe4 19. Nf5+ Kh8 20. Nxe7 Nxg3
21. Qd4 Ngh5 22. Bg5 Kg7 23. g4 Rxe7 24. Rxe7 Qxe7 25. gxh5 gxh5 26. Nc3 Qe5
27. Qh4 Re8 28. Be3 c5 29. Ne2 Nd5 30. Ng3 Nxe3 31. Nxh5+ Kf8 32. Nf6 Re7 33.
Qh6# 1-0

[Event "VI Festival A"]
[Site "Campobasso ITA"]
[Date "1999.09.10"]
[Round "2"]
[White "Mrdja, Milan"]
[Black "Vujovic, Milorad"]
[Result "1-0"]
[WhiteElo "2425"]
[BlackElo "2258"]
[PlyCount "65"]
[EventDate "1999.09.10"]

1. e4 c5 2. Nf3 d6 3. d4 cxd4 4. Nxd4 Nf6 5. Nc3 a6 6. Bg5 e6 7. f4 h6 8. Bh4
Be7 9. Qf3 Nbd7 10. O-O-O Qc7 11. Be2 b5 12. Bxf6 Nxf6 13. e5 Bb7 14. Qg3 dxe5
15. fxe5 Nd5 16. Nxe6 fxe6 17. Qg6+ Kd7 18. Bg4 Qxe5 19. Nxd5 Bxd5 20. Rxd5+
Qxd5 21. Rd1 Bg5+ 22. Kb1 Qxd1+ 23. Bxd1 Bf6 24. Bf3 Rad8 25. Qf7+ Kd6 26. Qb7
Be5 27. Qxa6+ Ke7 28. Qxb5 Kf6 29. a4 Rhe8 30. Bb7 Re7 31. a5 Bd4 32. a6 Ba7
33. Qc6 1-0

[Event "VI Festival A"]
[Site "Campobasso ITA"]
[Date "1999.09.10"]
[Round "2"]
[White "Ortega, Lexy"]
[Black "Ljubisavljevic, Zivojin Z."]
[Result "1/2-1/2"]
[WhiteElo "2499"]
[BlackElo "2274"]
[PlyCount "79"]
[EventDate "1999.09.10"]

1. d4 d5 2. c4 c6 3. Nf3 Nf6 4. Nc3 dxc4 5. a4 Bf5 6. e3 Bd3 7. Bxd3 cxd3 8.
O-O e6 9. Qxd3 Be7 10. e4 Na6 11. Bg5 h6 12. Bxf6 Bxf6 13. Qc4 Qa5 14. Ra3 Qb4
15. Qa2 Bxd4 16. Rb3 Qc4 17. Rxb7 Qxa2 18. Nxa2 Bb6 19. b4 Rb8 20. Rxb8+ Nxb8
21. Rc1 Bc7 22. Kf1 Kd7 23. Ke2 e5 24. Rc4 g6 25. Nc1 Bd6 26. Nd3 Re8 27. Kd2
Na6 28. Kc3 f6 29. Nd2 Nc7 30. Nc5+ Bxc5 31. Rxc5 Rb8 32. Ra5 a6 33. Nb3 Kd6
34. g3 g5 35. Nc5 Ra8 36. Nb7+ Kd7 37. Kc4 g4 38. Nc5+ Kd6 39. Nb7+ Kd7 40.
Nc5+ 1/2-1/2

[Event "VI Festival A"]
[Site "Campobasso ITA"]
[Date "1999.09.10"]
[Round "2"]
[White "Rotelli, Pietro"]
[Black "Franceschi, Riccardo"]
[Result "1-0"]
[WhiteElo "1731"]
[BlackElo "1884"]
[PlyCount "97"]
[EventDate "1999.09.10"]

1. d4 d5 2. Nf3 Nf6 3. c4 c6 4. e3 e6 5. Nc3 Nbd7 6. Bd3 dxc4 7. Bxc4 b5 8. Bd3
Bb7 9. O-O Bd6 10. e4 e5 11. Bg5 h6 12. Bh4 Qc7 13. Bxf6 Nxf6 14. d5 a6 15. Rc1
c5 16. b3 Qe7 17. Nd2 O-O 18. a4 b4 19. Ne2 Nh5 20. Nc4 Nf4 21. Nxd6 Qxd6 22.
Nxf4 exf4 23. f3 Rac8 24. Qe2 Rfe8 25. Qf2 Re7 26. Rc2 Rec7 27. Rfc1 f6 28. Qh4
Re8 29. Qf2 Rec8 30. Bc4 Kf8 31. Re1 Re7 32. g3 g5 33. g4 Kg7 34. h4 Rcc7 35.
Kg2 Re5 36. Rh1 Bc8 37. Bd3 Bb7 38. Rhc1 gxh4 39. Qxh4 Rg5 40. Qf2 h5 41. Rxc5
Re7 42. Qc2 hxg4 43. Rc7 gxf3+ 44. Kxf3 Rg3+ 45. Kf2 Kf8 46. Rxb7 Rxd3 47. Qc8+
Re8 48. Rh1 Rd2+ 49. Ke1 1-0

[Event "VI Festival A"]
[Site "Campobasso ITA"]
[Date "1999.09.10"]
[Round "2"]
[White "Scipioni, Gaetano"]
[Black "Piscopo, Pierluigi"]
[Result "1-0"]
[WhiteElo "1764"]
[BlackElo "2039"]
[PlyCount "64"]
[EventDate "1999.09.10"]

1. d4 Nf6 2. Nf3 g6 3. Bg5 Bg7 4. e3 c5 5. c3 O-O 6. Nbd2 cxd4 7. cxd4 d6 8.
Be2 h6 9. Bh4 Bf5 10. Qb3 Qd7 11. h3 Nc6 12. Bxf6 Bxf6 13. e4 Nxd4 14. Nxd4
Bxd4 15. exf5 Qxf5 16. O-O e6 17. Rac1 Rac8 18. Nf3 Bb6 19. Qd3 Rxc1 20. Rxc1
Qf4 21. Qd2 Qg3 22. Bd3 d5 23. Kf1 Qd6 24. Qxh6 Re8 25. Ng5 Qf4 26. Rc2 e5 27.
Nxf7 Qxh6 28. Nxh6+ Kg7 29. Ng4 e4 30. Bb5 Rf8 31. Ke1 d4 32. Rc4 Rd8 1-0

[Event "VI Festival A"]
[Site "Campobasso ITA"]
[Date "1999.09.11"]
[Round "3"]
[White "Brancaccio, Alfonso"]
[Black "Ferraro, Francesco"]
[Result "0-1"]
[WhiteElo "1831"]
[BlackElo "2045"]
[PlyCount "48"]
[EventDate "1999.09.10"]

1. e4 e5 2. Nf3 Nf6 3. Nc3 Bb4 4. Bc4 d6 5. a3 Bxc3 6. dxc3 O-O 7. Qe2 Be6 8.
Bg5 Nbd7 9. O-O-O a6 10. Bd5 Bxd5 11. Rxd5 Qe8 12. Rd2 Qe6 13. Kb1 b5 14. Nh4
Rfb8 15. Nf5 a5 16. b3 Nb6 17. Bxf6 Qxf6 18. Rhd1 a4 19. Qxb5 axb3 20. cxb3 Qe6
21. Rxd6 cxd6 22. Rxd6 Nc4 23. Qxb8+ Rxb8 24. Rxe6 fxe6 0-1

[Event "VI Festival A"]
[Site "Campobasso ITA"]
[Date "1999.09.11"]
[Round "3"]
[White "Capezza, Marco"]
[Black "Mautone, Valerio"]
[Result "1-0"]
[WhiteElo "1705"]
[BlackElo "1900"]
[PlyCount "67"]
[EventDate "1999.09.10"]

1. d4 Nf6 2. c4 g6 3. Nc3 Bg7 4. e4 O-O 5. Nf3 d6 6. Be2 e5 7. O-O Nc6 8. d5
Ne7 9. Nd2 a5 10. a3 Nd7 11. Rb1 f5 12. b4 axb4 13. axb4 Nf6 14. f3 f4 15. c5
g5 16. Qb3 h6 17. b5 b6 18. c6 g4 19. Kf2 Qe8 20. Ke1 Qg6 21. Nc4 Nh7 22. Ba3
g3 23. h4 Qe8 24. Na4 Rb8 25. Naxb6 Rxb6 26. Nxb6 cxb6 27. Rh1 Qf7 28. Bb4 Ng6
29. Ra1 Bf6 30. Ra8 Nxh4 31. Bf1 Qe8 32. Qa3 Ng5 33. Bxd6 Ngxf3+ 34. Kd1 1-0

[Event "VI Festival A"]
[Site "Campobasso ITA"]
[Date "1999.09.11"]
[Round "3"]
[White "De Vita, Gianni"]
[Black "Galasso, Luigi"]
[Result "0-1"]
[WhiteElo "2106"]
[BlackElo "1755"]
[PlyCount "70"]
[EventDate "1999.09.10"]

1. e4 c5 2. c3 e6 3. d4 d5 4. e5 Nc6 5. Nf3 Qb6 6. a3 c4 7. Nbd2 Na5 8. Be2 Bd7
9. O-O Ne7 10. Ne1 Ng6 11. f4 Be7 12. Kh1 O-O 13. Bg4 f6 14. exf6 Bxf6 15. Qe2
Rae8 16. Nc2 Ne7 17. Ne3 Nf5 18. Bxf5 exf5 19. Qf3 Bc6 20. Nxf5 Qd8 21. Qf2 Qd7
22. Ng3 Bg5 23. Nf3 Bxf4 24. Bxf4 Rxf4 25. Rae1 Ref8 26. Re3 Nb3 27. Rfe1 Re4
28. Nxe4 dxe4 29. Rxe4 Bxe4 30. Rxe4 Nc1 31. Qe3 Nd3 32. Re7 Qb5 33. Qe6+ Kh8
34. Rf7 Re8 35. Ng5 h6 0-1

[Event "VI Festival A"]
[Site "Campobasso ITA"]
[Date "1999.09.11"]
[Round "3"]
[White "De Vita, Igor"]
[Black "Ortega, Lexy"]
[Result "0-1"]
[WhiteElo "2154"]
[BlackElo "2499"]
[PlyCount "94"]
[EventDate "1999.09.10"]

1. d4 Nf6 2. c4 e6 3. Nf3 c5 4. Nc3 cxd4 5. Nxd4 a6 6. a3 b6 7. e4 d6 8. Bd3
Bb7 9. O-O Be7 10. Qe2 O-O 11. Bg5 Nbd7 12. f3 Rc8 13. Rac1 Re8 14. Rfd1 Qc7
15. Be3 Qb8 16. Bb1 Bd8 17. Nc2 Bc7 18. g3 Ne5 19. Bd2 h6 20. Nb4 Bd8 21. Na4
Nfd7 22. Nd3 Nxd3 23. Qxd3 Ne5 24. Qe2 Bc6 25. Nc3 Be7 26. Be3 Red8 27. Qf2 b5
28. cxb5 axb5 29. Na2 Ba8 30. Rxc8 Rxc8 31. Nb4 Bf6 32. Qe2 Nc4 33. Bd4 Qb7 34.
Bc2 e5 35. Bc3 Nxa3 36. Bb3 Nc4 37. Qf2 Qb8 38. Nd5 b4 39. Be1 Na5 40. Ba4 Bxd5
41. Rxd5 Rc5 42. Qd2 Nc6 43. Bxc6 Rxc6 44. Qxb4 Rb6 45. Qa5 Rxb2 46. Rd2 Rb1
47. Re2 d5 0-1

[Event "VI Festival A"]
[Site "Campobasso ITA"]
[Date "1999.09.11"]
[Round "3"]
[White "Franceschi, Riccardo"]
[Black "Ferri, Stefano"]
[Result "1-0"]
[WhiteElo "1884"]
[BlackElo "2091"]
[PlyCount "55"]
[EventDate "1999.09.10"]

1. e4 c5 2. c3 d5 3. exd5 Qxd5 4. d4 e6 5. Nf3 Nc6 6. Be2 cxd4 7. cxd4 Nf6 8.
Nc3 Bb4 9. O-O Qd8 10. Qb3 O-O 11. Rd1 h6 12. h3 Qe7 13. Bf4 a6 14. Ne5 Rd8 15.
a3 Ba5 16. Nxc6 bxc6 17. Qa4 Bxc3 18. bxc3 Nd5 19. Bd2 Bd7 20. Qa5 e5 21. dxe5
Qxe5 22. Bf3 Qc7 23. c4 Nb6 24. Bc3 Rab8 25. Be5 Qa7 26. Qc5 Qa8 27. Bd4 Nc8
28. Qa5 1-0